Алгоритм расчета схемы активной оптической системы с усилителем яркости; Известия вузов. Физика; Т. 56, № 5

Detalhes bibliográficos
Parent link:Известия вузов. Физика/ Министерство общего и профессионального образования Российской Федерации ; Томский Госуниверситет.— , 1958-
Т. 56, № 5.— 2013.— С. 92-95
Outros Autores: Тригуб М. В. Максим Викторович, Агапов Н. А. Николай Афанасьевич, Евтушенко Г. С. Геннадий Сергеевич, Губарев Ф. А. Фёдор Александрович
Resumo:Представлен простой алгоритм расчета оптической схемы активной оптической системы с усилителем яркости на основе лазеров на парах металлов. Для апробации разработанного алгоритма проведены эксперименты по визуализации объектов с известными линейными размерами. Результаты тестовых испытаний свидетельствуют о возможности его использования для расчета и построения схем лазерного монитора и лазерного проекционного микроскопа.
В фонде НТБ ТПУ отсутствует
Idioma:russo
Publicado em: 2013
Assuntos:
Formato: MixedMaterials Capítulo de Livro
KOHA link:https://koha.lib.tpu.ru/cgi-bin/koha/opac-detail.pl?biblionumber=599928

MARC

LEADER 00000naa0a2200000 4500
001 599928
005 20250124144734.0
035 |a (RuTPU)RU\TPU\tpu\24083 
035 |a RU\TPU\prd\207066 
090 |a 599928 
100 |a 20131206d2013 k||y0rusy50 ca 
101 0 |a rus 
102 |a RU 
200 1 |a Алгоритм расчета схемы активной оптической системы с усилителем яркости  |f М. В. Тригуб [и др.] 
330 |a Представлен простой алгоритм расчета оптической схемы активной оптической системы с усилителем яркости на основе лазеров на парах металлов. Для апробации разработанного алгоритма проведены эксперименты по визуализации объектов с известными линейными размерами. Результаты тестовых испытаний свидетельствуют о возможности его использования для расчета и построения схем лазерного монитора и лазерного проекционного микроскопа. 
333 |a В фонде НТБ ТПУ отсутствует 
461 |t Известия вузов. Физика  |f Министерство общего и профессионального образования Российской Федерации ; Томский Госуниверситет  |d 1958- 
463 |t Т. 56, № 5  |v С. 92-95  |d 2013 
610 1 |a труды учёных ТПУ 
701 1 |a Тригуб  |b М. В.  |c специалист в области неразрушающего контроля  |c профессор Томского политехнического университета, доктор технических наук  |f 1987-  |g Максим Викторович  |3 (RuTPU)RU\TPU\pers\25909  |9 11760 
701 1 |a Агапов  |b Н. А.  |c специалист в области светотехники, физик  |c профессор Томского политехнического университета, доктор технических наук  |f 1951-  |g Николай Афанасьевич  |3 (RuTPU)RU\TPU\pers\28176  |9 13134 
701 1 |a Евтушенко  |b Г. С.  |c российский специалист в области электрофизики  |c профессор Томского политехнического университета, доктор технических наук  |f 1947-  |g Геннадий Сергеевич  |3 (RuTPU)RU\TPU\pers\21960  |9 9279 
701 1 |a Губарев  |b Ф. А.  |c специалист в области электроники  |c доцент Томского политехнического университета, кандидат физико-математических наук  |f 1979-  |g Фёдор Александрович  |3 (RuTPU)RU\TPU\pers\25668  |9 11579 
801 1 |a RU  |b 63413507  |c 20131205 
801 2 |a RU  |b 63413507  |c 20131206  |g RCR 
942 |c CR